000 00450nam a22001697a 4500
003 CEME
005 20210628205706.0
008 210315b xxu||||| |||| 00| 0 eng d
040 _c.
082 _a297.1244 TRM
100 _aAmam Abu Muhammad Bin Aesa Tirmazi
_976673
245 _aJamia tirmazi sharif
260 _aLAHORE
_bFEROZE SONS
_c1984
300 _a919P, 2 VOLS
650 _aISLAM-HADITH-JAMIA TIRMAZI SHARIF
_976674
942 _cBK
_2ddc
999 _c582027
_d582027